Daňová prevencia: rady proti podvodom pri operáciách v daňových rajoch
Rady a odporúčania pri výbere poradenskej firmy pre daňovú problematiku off shore. Ako sa majú podnikatelia vyhnúť rôznym pascám neserióznych firiem nasledujúcim podvodom: Neexistujúca spoločnosť. Neexistujúca lokalita. Zadlžená spoločnosť. Registračný agent neexistuje. Sprenevera majetku riaditeľom...
Salvato in:
| Autore principale: | |
|---|---|
| Natura: | Capitolo di libro |
| Lingua: | slovacco |
| Soggetti: | |
| Tags: |
Nessun Tag, puoi essere il primo ad aggiungerne!!
|
MARC
| LEADER | 00000naa a2200000 4500 | ||
|---|---|---|---|
| 001 | r041691 | ||
| 005 | 20230926083959.2 | ||
| 041 | 0 | |a slo | |
| 044 | |a SK | ||
| 245 | 1 | 0 | |a Daňová prevencia: rady proti podvodom pri operáciách v daňových rajoch |c Emil Burák |
| 520 | |a Rady a odporúčania pri výbere poradenskej firmy pre daňovú problematiku off shore. Ako sa majú podnikatelia vyhnúť rôznym pascám neserióznych firiem nasledujúcim podvodom: Neexistujúca spoločnosť. Neexistujúca lokalita. Zadlžená spoločnosť. Registračný agent neexistuje. Sprenevera majetku riaditeľom. Daňové problémy z dôvodu rezidenčnej príslušnosti. Vydieranie majiteľa off shore spoločnosti. Pranie špinavých peňazí a iné. Návrhy ochrany pre podvodmi. | ||
| 610 | 2 | 0 | |a podnikanie v zahraničí |
| 610 | 2 | 0 | |a offshore |
| 610 | 2 | 0 | |a spoločnosti obchodné |
| 610 | 2 | 0 | |a spoločnosti off shore |
| 610 | 2 | 0 | |a podvody |
| 610 | 2 | 0 | |a sprenevera |
| 610 | 2 | 0 | |a pranie špinavých peňazí |
| 610 | 2 | 0 | |a prevencia |
| 610 | 2 | 0 | |a kontrola daňová |
| 610 | 2 | 0 | |a špekulácie |
| 100 | 1 | |a Burák, Emil | |